[Event "32.Schlosspark-Open"]
[Site "Wiesbaden-Biebrich"]
[Date "2023.08.26"]
[Round "4.79"]
[White "Schuering, Jonas"]
[Black "Eckert, Michael"]
[Result "0-1"]
[WhiteElo "1451"]
[BlackElo "1570"]
[PlyCount "74"]
[EventDate "2023.??.??"]
[WhiteTeam "Trier"]
[BlackTeam "SK Herborn 1946"]

1. d4 d5 2. Nf3 Nf6 3. Bf4 e6 4. e3 c5 5. c3 Bd6 6. Bg3 Nc6 7. Bd3 Qe7 8. Ne5 Bd7 9. Nd2 Rb8 10. f4 b5 11. Bh4 Qd8 12. Nxd7 Qxd7 13. Bxf6 gxf6 14. Qe2 Qb7 15. e4 dxe4 16. Nxe4 Be7 17. d5 c4 18. Bc2 Na5 19. Rd1 f5 20. d6 fxe4 21. dxe7 Qxe7 22. Bxe4 Qc7 23. O-O Nb7 24. g3 Ke7 25. Rd2 h5 26. h4 Nc5 27. Bf3 Rbg8 28. Bg2 Rxg3 29. Kh2 Rg4 30. Kh3 Nd3 31. Rxd3 cxd3 32. Qxd3 Rhg8 33. Rf2 Rxf4 34. Rxf4 Qxf4 35. Bf1 Qg4+ 36. Kh2 Qg1+ 37. Kh3 Qh1# 0-1

[Event "32.Schlosspark-Open"]
[Site "Wiesbaden-Biebrich"]
[Date "2023.08.26"]
[Round "4.80"]
[White "Müller, Jens"]
[Black "Meuer, Stephan"]
[Result "1-0"]
[WhiteElo "1427"]
[BlackElo "1268"]
[PlyCount "73"]
[EventDate "2023.??.??"]
[WhiteTeam "SV 1920 Hofheim"]
[BlackTeam "SV Turm Lahnstein"]

1. e4 e5 2. Nf3 Nc6 3. Bc4 Bc5 4. c3 Nf6 5. d3 O-O 6. O-O Be7 7. h3 h6 8. Re1 a6 9. Bb3 b5 10. Nbd2 d6 11. Nf1 Na5 12. Bc2 c6 13. d4 exd4 14. cxd4 Be6 15. Ne3 Qc7 16. b3 Rfd8 17. Bb2 Kf8 18. Rc1 Nb7 19. Bb1 Bd7 20. Qe2 Qb8 21. e5 Ng8 22. Nf5 d5 23. Nxe7 Nxe7 24. Nh4 Kg8 25. Qd3 g6 26. Ba3 Nf5 27. Nxf5 Bxf5 28. Qe3 Kh7 29. Bxf5 gxf5 30. Rxc6 Nd6 31. Rxd6 Rxd6 32. Bxd6 Qg8 33. Qf3 Qg5 34. Qxd5 Ra7 35. Bc5 Qd2 36. Rf1 Rb7 37. Qxb7 1-0

[Event "32.Schlosspark-Open"]
[Site "Wiesbaden-Biebrich"]
[Date "2023.08.26"]
[Round "4.81"]
[White "Hellmann, Alexander"]
[Black "Gerber, Ingo"]
[Result "0-1"]
[WhiteElo "1156"]
[BlackElo "1533"]
[PlyCount "32"]
[EventDate "2023.??.??"]
[WhiteTeam "SJ Herborn 1998"]
[BlackTeam "Sfr.Mainz 1928"]

1. e4 e5 2. Nf3 Nf6 3. Bc4 Be7 4. d3 d6 5. Be3 Bg4 6. Nbd2 Nc6 7. c3 d5 8. exd5 Nxd5 9. O-O O-O 10. Qc2 a6 11. d4 exd4 12. Nxd4 Nxd4 13. Bxd4 c5 14. Be5 b5 15. Bd3 g6 16. c4 Nb4 0-1

[Event "32.Schlosspark-Open"]
[Site "Wiesbaden-Biebrich"]
[Date "2023.08.26"]
[Round "4.82"]
[White "Chen, Lilly"]
[Black "Manasek, Martin"]
[Result "1-0"]
[WhiteElo "920"]
[BlackElo "1519"]
[PlyCount "89"]
[EventDate "2023.??.??"]
[WhiteTeam "Sfr Stiller Zug Wiesbaden"]
[BlackTeam "SC Flörsheim 1921"]

1. Nf3 e6 2. c4 Nf6 3. e3 d5 4. Be2 Be7 5. O-O O-O 6. b3 b6 7. Ba3 c5 8. d4 Nbd7 9. dxc5 bxc5 10. Nc3 Bb7 11. h3 Rc8 12. Nb5 a6 13. Nc3 Re8 14. Rb1 Qa5 15. Bb2 Qd8 16. cxd5 exd5 17. a3 Nb6 18. Bc1 Bf8 19. Bd3 d4 20. exd4 cxd4 21. Na4 Nxa4 22. bxa4 Rc7 23. Bd2 Rd7 24. Bc4 a5 25. Rb3 Ne4 26. Bb5 Nc5 27. Rb1 Rde7 28. Bxe8 Rxe8 29. Re1 Rxe1+ 30. Qxe1 Bxf3 31. gxf3 Nxa4 32. Bxa5 Qg5+ 33. Kf1 Nc3 34. Bxc3 dxc3 35. Qxc3 Qf5 36. Rb8 Qxh3+ 37. Ke1 Qe6+ 38. Qe3 Qd6 39. Re8 h6 40. a4 Qb4+ 41. Kf1 Qxa4 42. Qe7 Qc4+ 43. Kg2 Qd5 44. Rxf8+ Kh7 45. Qe4+ 1-0

[Event "32.Schlosspark-Open"]
[Site "Wiesbaden-Biebrich"]
[Date "2023.08.26"]
[Round "4.84"]
[White "Schmitz, Bernhard Hubert"]
[Black "Hafner, Hans-Peter"]
[Result "1-0"]
[WhiteElo "1387"]
[BlackElo "1155"]
[PlyCount "81"]
[EventDate "2023.??.??"]
[WhiteTeam "Vorw.Orient Mainz"]
[BlackTeam "Sfr.Mainz 1928"]

1. d4 Nf6 2. c4 g6 3. Nc3 Bg7 4. e4 d6 5. h3 O-O 6. Bg5 c6 7. Bd3 e5 8. d5 Qa5 9. Nge2 Na6 10. a3 Nc5 11. Bc2 Ncxe4 12. b4 Nxc3 13. Nxc3 Qc7 14. O-O Re8 15. Re1 Bd7 16. Qd2 c5 17. Bd3 Re7 18. Re2 Rae8 19. Rae1 cxb4 20. axb4 b6 21. c5 bxc5 22. bxc5 Qxc5 23. Bxf6 Bxf6 24. Ne4 Qd4 25. Nxf6+ Kg7 26. Re4 Qb6 27. Nxe8+ Rxe8 28. Rb4 Qc5 29. Rb7 Bc8 30. Rb5 Qd4 31. Re4 Qa1+ 32. Rb1 Qa3 33. Bb5 Re7 34. Ra4 Qc5 35. Rc4 Qb6 36. Rxc8 e4 37. Rc6 Qd8 38. Qc3+ f6 39. Ba6 Qf8 40. Rc7 Rxc7 41. Qxc7+ 1-0

[Event "32.Schlosspark-Open"]
[Site "Wiesbaden-Biebrich"]
[Date "2023.08.26"]
[Round "4.85"]
[White "Barth, Horst"]
[Black "Spreer, Lutz"]
[Result "0-1"]
[WhiteElo "1242"]
[BlackElo "1560"]
[PlyCount "80"]
[EventDate "2023.??.??"]
[WhiteTeam "Sfr.Mainz 1928"]
[BlackTeam "Erster Burgstädter SK 19"]

1. d4 d5 2. c4 Nc6 3. Nc3 Nf6 4. Nf3 Bf5 5. Bf4 e6 6. e3 Bb4 7. a3 Bxc3+ 8. bxc3 O-O 9. c5 Ne4 10. Rc1 Ne7 11. Nh4 Ng6 12. Nxf5 exf5 13. Bd3 Nxf4 14. exf4 Re8 15. O-O c6 16. f3 Nf6 17. Bxf5 Qa5 18. Qb3 Qa6 19. Rfd1 Re3 20. Re1 Rae8 21. Rxe3 Rxe3 22. Qb2 Re2 23. Qb1 Qxa3 24. Rc2 Re3 25. Qc1 Qxc1+ 26. Rxc1 g6 27. Bc8 Re7 28. Rb1 Nh5 29. g3 Re3 30. Bxb7 Rxc3 31. Bxc6 Rd3 32. Rb8+ Kg7 33. Rb4 Nf6 34. Kf2 h5 35. Ke2 Rc3 36. Ra4 Rc2+ 37. Kf1 Rd2 38. Ra1 Rxh2 39. Rc1 Rh1+ 40. Ke2 Rxc1 0-1

[Event "32.Schlosspark-Open"]
[Site "Wiesbaden-Biebrich"]
[Date "2023.08.26"]
[Round "4.86"]
[White "Fleck, Peter"]
[Black "Heitmann, Dirk"]
[Result "0-1"]
[WhiteElo "1240"]
[BlackElo "1554"]
[PlyCount "40"]
[EventDate "2023.??.??"]
[WhiteTeam "SC Flörsheim 1921"]
[BlackTeam "SVG Eppstein 1932"]

1. e4 c5 2. Nf3 d6 3. h3 a6 4. c3 Nf6 5. d3 e6 6. Bg5 Nbd7 7. d4 cxd4 8. Nxd4 Qc7 9. f3 d5 10. Bxf6 Nxf6 11. Nd2 Qg3+ 12. Ke2 dxe4 13. Qe1 exf3+ 14. gxf3 Qf4 15. Kd1 Bc5 16. Ne2 Qd6 17. Kc2 e5 18. Rd1 Bf5+ 19. Kb3 Qb6+ 20. Kc4 Qb5# 0-1

[Event "32.Schlosspark-Open"]
[Site "Wiesbaden-Biebrich"]
[Date "2023.08.26"]
[Round "4.87"]
[White "Knappe, Stefan"]
[Black "Niedenthal, Robert"]
[Result "0-1"]
[WhiteElo "1230"]
[BlackElo "1536"]
[PlyCount "72"]
[EventDate "2023.??.??"]
[WhiteTeam "SG Aufbau Elbe Magdeburg"]
[BlackTeam "SV 1920 Hofheim"]

1. c4 b6 2. d4 Bb7 3. Nc3 g6 4. e4 Bg7 5. Be3 e6 6. Bd3 Nc6 7. Nge2 Nh6 8. Qd2 Ng4 9. d5 Nce5 10. dxe6 dxe6 11. Rd1 O-O 12. O-O Qe7 13. h3 Nxe3 14. Qxe3 Rad8 15. a3 Qh4 16. Bc2 Bh6 17. Qg3 Qxg3 18. Nxg3 Nxc4 19. Rxd8 Rxd8 20. Nb5 Rd2 21. Rc1 Rxf2 22. Kxf2 Bxc1 23. Ne2 Bxb2 24. a4 c6 25. Nbd4 c5 26. Nf3 Na3 27. Bd1 Bxe4 28. Nd2 Bc2 29. Bxc2 Nxc2 30. Nc4 Bf6 31. Nd6 a6 32. Ne4 Be7 33. N2c3 f5 34. Nd2 Bf6 35. Ne2 b5 36. axb5 axb5 0-1

[Event "32.Schlosspark-Open"]
[Site "Wiesbaden-Biebrich"]
[Date "2023.08.26"]
[Round "4.88"]
[White "Bresslauer, Stefan"]
[Black "Stojanoski, Stefan"]
[Result "1-0"]
[WhiteElo "1493"]
[BlackElo "1162"]
[PlyCount "72"]
[EventDate "2023.??.??"]
[WhiteTeam "SVG Eppstein 1932"]
[BlackTeam "SAbt TuS Makkabi Ffm"]

1. d4 d5 2. c4 c6 3. Nc3 Nf6 4. Bf4 Bf5 5. e3 e6 6. Nf3 Ne4 7. Be2 Bb4 8. Qb3 Qa5 9. Rc1 b6 10. O-O O-O 11. cxd5 exd5 12. Rfd1 Nxc3 13. bxc3 Ba3 14. Ra1 b5 15. Ne5 Qa4 16. Qxa4 bxa4 17. Rd2 Rc8 18. g4 Bg6 19. h4 f6 20. Nxg6 hxg6 21. Bd3 Kf7 22. Rb1 Nd7 23. Rb7 Ke7 24. Bxg6 Kd8 25. Bf5 Nb6 26. Bxc8 Nxc8 27. Rxg7 Bd6 28. Rg8+ Kd7 29. Bxd6 Kxd6 30. h5 Ke7 31. h6 Kf7 32. h7 Ke6 33. h8=Q Kd7 34. Rb2 Kc7 35. Qg7+ Kd6 36. Rd8+ Ke6 1-0

[Event "32.Schlosspark-Open"]
[Site "Wiesbaden-Biebrich"]
[Date "2023.08.26"]
[Round "4.89"]
[White "Simons, Manfred"]
[Black "Wöhl, Torsten"]
[Result "1-0"]
[WhiteElo "1208"]
[BlackElo "1450"]
[PlyCount "65"]
[EventDate "2023.??.??"]
[WhiteTeam "SV Frankfurt Nord 1926"]
[BlackTeam "SC Groß-Zimmern"]

1. d4 e6 2. c4 d5 3. cxd5 exd5 4. Nf3 Nf6 5. Nc3 Be7 6. e3 Nc6 7. Bb5 O-O 8. O-O a6 9. Bd3 Bg4 10. Be2 Bh5 11. Re1 Bd6 12. h3 h6 13. Qb3 b6 14. Kf1 Na5 15. Qd1 Bg6 16. b3 Nc6 17. a3 Ne7 18. Bb2 Ne4 19. Nxe4 Bxe4 20. Bd3 f5 21. Bxe4 fxe4 22. Ne5 Qe8 23. Qg4 Rf6 24. Qd1 Ng6 25. g3 Nxe5 26. dxe5 Bxe5 27. Qxd5+ Kh8 28. Bxe5 Rd8 29. Qxe4 Qb5+ 30. Kg2 Rf7 31. b4 Re8 32. f4 Qd7 33. Red1 1-0